000 00670cam a22002291 4500
001 sa 68000955
003 DLC
005 20260227112428.0
008 710903s1967 ii ah b 000 0beng
010 _asa 68000955
025 _aPL480:I-E-8594
040 _aDLC
_cDLC
_dDLC
050 0 0 _aBL2017.9.T4
_bS5
082 0 0 _a294.5/53/0924
_aB
100 1 _aSingh, Trilochan.
245 1 0 _aGuru Tegh Bahadur, prophet and martyr;
_ba biography.
260 _aDelhi,
_bGurdwara Parbandhak Committee
_c[1967]
300 _axxi, 358 p.
_billus., facsims.
_c25 cm.
350 _aRs15
_a$4
504 _aBibliography: p. [337]-344.
600 0 0 _aTegh Bahadur,
_cGuru,
_d1621-1675.
999 _c77578
_d77578